| 000 | 00000nas##2200000za#4500 |
| 001 | 9.506899 |
| 003 | CaOODSP |
| 005 | 20200427142339 |
| 007 | cr ||||||||||| |
| 008 | 150406c2002||||xxc|| p o||||f| |0eng|d |
| 022 | |a1702-9007 |
| 040 | |aCaOODSP|beng |
| 043 | |an-cn--- |
| 086 | 1 |aFC2-2E-PDF |
| 110 | 2 |aFinancial Consumer Agency of Canada. |
| 245 | 10|aYou asked us : |h[electronic resource]|ba publication of the Financial Consumer Agency of Canada |
| 260 | |aOttawa - Ontario : |bFinancial Consumer Agency of Canada |
| 310 | |aQuarterly |
| 362 | 1 |aIssue #1 (2002) |
| 500 | |aThe FCAC receives many calls, letters, e-mails and in-person visits from consumers on a wide variety of topics. You Asked Us deals with the most common and current questions raised by consumers who have contacted us.--Web site. |
| 690 | 07|aConsumers|2gcpds |
| 690 | 07|aFinance|2gcpds |
| 775 | 08|tVous avez demandé : |w(CaOODSP)9.503297 |